Normal view
MARC view
- IEEE Electromagnetic Compatibility Society
Entry Corporate Name
001 - CONTROL NUMBER
- control field: 90108
003 - CONTROL NUMBER IDENTIFIER
- control field: NUST
005 - DATE AND TIME OF LATEST TRANSACTION
- control field: 20220301160021.0
008 - FIXED-LENGTH DATA ELEMENTS
- fixed length control field: 220301|| aca||aabn | a|a d
040 ## - CATALOGING SOURCE
- Original cataloging agency: NUST
- Transcribing agency: NUST
110 ## - HEADING--CORPORATE NAME
- Corporate name or jurisdiction name as entry element: IEEE Electromagnetic Compatibility Society
670 ## - SOURCE DATA FOUND
- Source citation: Work cat.: (NUST)588294: Hemming, Leland H. 90105, Electromagnetic anechoic chambers :, c2002.
